| 000 | 004780000a22001450004500 | ||
|---|---|---|---|
| 090 | _aT C1119e | ||
| 100 | 1 | _aCañas, Carlos Mario | |
| 245 | 1 | 0 | _a¿Es necesario un manual para la enseñanza de adultos en el contexto colombiano? / Carlos Mario Cañas Mejía, Diana María Valdez Duque. |
| 260 | _aMedellín : FUSBC | ||
| 300 | _a44 Pág | ||
| 500 | _aAsesor: Saskia Alexandra Donner | ||
| 520 | _a1. Marco teórico. 2. Evaluación de manuales. | ||
| 001 | 14742 | ||
| 942 | _cBK | ||
| 999 |
_c43584 _d43584 |
||